Normal view
MARC view
- Hislop, Donald,
Entry Personal Name
001 - CONTROL NUMBER
- control field: 34813
003 - CONTROL NUMBER IDENTIFIER
- control field: OSt
005 - DATE AND TIME OF LATEST TRANSACTION
- control field: 20140112103826.0
008 - FIXED-LENGTH DATA ELEMENTS
- fixed length control field: 140112|| aca||aabn | a|a d
040 ## - CATALOGING SOURCE
- Original cataloging agency: OSt
100 1# - HEADING--PERSONAL NAME
- Personal name: Hislop, Donald,
- Dates associated with a name: 1966-